Quiz on the Year 1995 - Statistics

General Stats
  • This quiz has been taken 26 times
  • The average score is 11 of 17
Answer Stats
Hint Answer % Correct
Jeff Bezos opened his online bookstore, laying the foundation for global e-commerce Amazon
100%
In the "Trial of the Century," this former footballer was found not guilty of double murder O.J. Simpson
96%
This sheep was cloned from an adult cell, marking a breakthrough in genetics Dolly
88%
The first items were sold on this pioneer online auction site, created as a hobby project eBay
88%
U.S. State which a domestic terrorist truck bombed the Murrah Federal Building Oklahoma
88%
Voters in this province of Canada narrowly chose to remain part of Canada Quebec
84%
NASA’s spacecraft arrived at this giant planet to begin a long-term study on it Jupiter
80%
After a stint in baseball, he returned to the NBA with a simple fax saying, "I'm back." Michael Jordan
80%
This global body was officially established to regulate and facilitate international trade {World} {Trade} Organization
64%
The "Queen of Tejano Music" was tragically murdered by her fan club president Selena
60%
This console launched in the US, changing the landscape of the gaming industry Playstation
52%
The Dayton Agreement was signed, bringing an end to ethnic conflict in this region The Balkans
52%
Microsoft released this operating system, which popularized the "Start" menu Windows 95
52%
Israeli Prime Minister that was killed by an extremist after a peace rally in Tel Aviv Yitzhak Rabin
48%
The FDA approved the first vaccine, significantly reducing this virus's impact on kids Chicken Pox
36%
This popular web directory was made as the internet began its rapid expansion Yahoo!
36%
Name of the 6.9 magnitude quake struck Kobe, Japan, resulting in over 6,000 deaths Great {Hanshin}
0%
No matching quizzes found
Score Distribution
Percent of People with Each Score
Percentile by Number Answered
Your Score History
You have not taken this quiz